00346nam a2200109Ia 4500041001200000082001100012100004500023245007800068260001400146260006000160650001600220 aEnglish bGOV/RE aMinistry of agriculture and irrigation  aReport of the national commission on agriculture 1976 : Demand and supply aNew Delhi bGovt. of India, Ministry of agriculture and irrigation  aAgriculture